| 000 | 00553cam a22001457a 4500 | ||
|---|---|---|---|
| 008 | 180718b1992 xxu||||| |||| 00| 0 eng d | ||
| 082 | _aAPPPA 91-92 PAR | ||
| 100 | _aParthasarathy, S. | ||
| 245 |
_aInstitutional choice in dairy development: a comparative analysis of cooperative, government and private sector forms of organisation _cby S. Parthasarathy |
||
| 260 |
_aNew Delhi _bIndian Institute of Public Administration _c1992 |
||
| 300 | _a89+p. | ||
| 650 | _aGovernment | ||
| 650 | _aCooperative | ||
| 650 | _aInstitutional choice-Dairy development | ||
| 999 |
_c501567 _d501567 |
||